000 01392 a2200193 4500
001 130673
020 _a85-224-2352-0
040 _cLeonardo Da Vinci
041 _aPortuguês
082 _a658.001 M419t
_bM419t
100 _aMAXIMIANO, Antonio Cesar Amaru
245 _aTeoria geral da administração
_bda escola científica à competitividade na economia globalizada
250 _a2.ed
260 _bAtlas
_c2000
_aSão Paulo
300 _a530
362 _a20000000
697 _aAdministração
_aTeoria
_aConceito
_aImportância
_aObjetivo
_aHenri Fayol
_aProcesso administrativo
_aPOSDCORB
_aChester Barnard
_aHerbert Simon
_aHenry Mintzberg
_aRosemary Stewart
_aFred Luthans
_aAndrew Grove
_aOrganização
_aMax Weber
_aBurocracia
_aEtzioni
_aPoder
_aBlau
_aScott
_aDisfunção
_aPerrow
_aRoth
_aMerton
_aMintzberg
_aHandy
_aMorgan
_aCyert
_aMarch
_aRevolução urbana
_aRevolução industrial
_aEscola clássica
_aAdministração científica
_aTaylor
_aHenry Gantt
_aSistema Toyota
_aGeneral Motors
_aAlfred Sloan
_aQualidade
_aPrêmio Deming
_aPrêmio Baldrige
_aPrêmio Europeu
_aEnfoque comportamental
_aConduta
_aPercepção
_aMotivação
_aBehaviorismo
_aEquidade
_aHierarquia
_aMaslow
_aMcClelland
_aLiderança
_aEstilos
_aPensamento sistêmico
_aEstratégia
_aÉtica
_aResponsabilidade social
_aAdministração participativa
_aBenchmarking
_aRealidade virtual
_aInteligência emocional
_aTeste do Marshmallow
_aFIPEN
942 _cBK
999 _c130673
_d130673